000 00295nam a22001337a 4500
008 190227b xxu||||| |||| 00| 0 eng d
020 _a9780618606030
041 _aeng
080 _a371
100 _a25
101 _aEDU
245 _aMaster Student Reader
_cAndersen, C.F
942 _2udc
_cBK
999 _c54371
_d54371